Football - Meilleurs buteurs de la Ligue des Nations (UEFA) - Statistiques

Statistiques générales
  • Ce quiz a été pris 58 fois
  • Le résultat moyen est 9 sur 21
Statistiques - réponses
Équipe du joueur Buts marqués Réponse % Correct
Portugal 15 Cristiano Ronaldo
100%
Norvège 19 Erling Haaland
100%
France 7 Kylian Mbappé
93%
Belgique 11 Romelu Lukaku
91%
Angleterre 6 Harry Kane
67%
Suède 10 Viktor Gyökeres
65%
Pays-Bas 7 Memphis Depay
63%
Serbie 15 Aleksandar Mitrović
52%
Danemark 8 Christian Eriksen
41%
Norvège 7 Alexander Sørloth
37%
Slovénie 8 Benjamin Šeško
37%
Espagne 7 Ferran Torres
33%
Finlande 8 Teemu Pukki
33%
Suisse 7 Haris Seferović
17%
Allemagne 7 Timo Werner
17%
Belgique 7 Michy Batshuayi
9%
Israël 6 Eran Zahavi
7%
Pays de Galles 6 Harry Wilson
7%
Roumanie 6 Răzvan Marin
2%
Luxembourg 9 Danel Sinani
0%
Pays-Bas 6 Georginio Wijnaldum
0%
Aucun quiz correspondant
Distribution des résultats
% des personnes avec chaque résultat
Percentile par nombre de réponses
Votre historique - résultats
Vous n’avez pas pris ce quiz